000 01068nam a2200265Ia 4500
999 _c56101
_d56101
001 23202
003 GE_BSU
005 20230724174148.0
008 181216s2018||||ge |||||||||||||| ||geo||
020 _a9789941462726
040 _cGE_BSU
041 _ageo
080 _a81'25(075.8) ბ-53
100 _aბერიძე, ხათუნა
_92372
245 _aთარგმანმცოდნეობა /
_cხათუნა ბერიძე ; რედ. მარინე გიორგაძე.
264 _aთბილისი :
_bბათუმის შოთა რუსთაველის სახ. უნ-ტი,
_c2018.
300 _a334 გვ. ;
_c30 სმ.
541 _h20ლ. 80თ.
653 _aთარგმანმცოდნეობა
653 _aკორპუსლინგვისტიკა
653 _aპრაგმატიკა
653 _aსტილისტიკა
700 _aგიორგაძე, მარინე
_eრედაქტორი
_919521
942 _cBK
_2udc